[Event "Ottawa March op"]
[Site "Ottawa CAN"]
[Date "2026.03.01"]
[Round "4.1"]
[White "Azar, Sebastien"]
[Black "Chiku-Ratte, Oliver-Kenta"]
[Result "1/2-1/2"]
[WhiteElo "2222"]
[BlackElo "2471"]
[WhiteFideId "-1"]
[BlackFideId "-1"]
[PlyCount "36"]
[GameId "2283952154505600"]
[EventDate "2026.02.27"]
[EventType "swiss"]
[EventRounds "5"]
[EventCountry "CAN"]

1. e4 e5 2. Nf3 Nc6 3. Bb5 a6 4. Ba4 d6 5. O-O Nf6 6. c3 Bd7 7. Re1 g6 8. d4 Bg7 9. h3 O-O 10. Bc2 h6 11. Be3 Qe8 12. Nbd2 b6 13. d5 Ne7 14. Nf1 Qd8 15. Qd2 Kh7 16. Ng3 Neg8 17. c4 Kh8 18. Qe2 c5 1/2-1/2

[Event "Ottawa March op"]
[Site "Ottawa CAN"]
[Date "2026.03.01"]
[Round "4.8"]
[White "Duval, Mathieu"]
[Black "Pelev, Iassen"]
[Result "0-1"]
[WhiteElo "1989"]
[BlackElo "2136"]
[WhiteFideId "-1"]
[BlackFideId "-1"]
[PlyCount "72"]
[GameId "2283952154505601"]
[EventDate "2026.02.27"]
[EventType "swiss"]
[EventRounds "5"]
[EventCountry "CAN"]

1. d4 Nf6 2. c4 g6 3. g3 c5 4. Nf3 cxd4 5. Nxd4 Bg7 6. Bg2 O-O 7. O-O Nc6 8. Nc3 Qb6 9. Nc2 d6 10. Rb1 Be6 11. b3 Rfd8 12. e4 Rac8 13. h3 a6 14. Be3 Qa5 15. Qd2 Nd7 16. Nd4 Nxd4 17. Bxd4 Bxd4 18. Qxd4 b5 19. f4 Qb6 20. Qxb6 Nxb6 21. f5 Bd7 22. Nd5 Nxd5 23. cxd5 Rc2 24. f6 Kf8 25. fxe7+ Kxe7 26. Rf2 Rxf2 27. Kxf2 Rc8 28. Rb2 Kf6 29. a4 b4 30. h4 a5 31. Bf1 Rc3 32. Bb5 Bg4 33. Bc4 Ke5 34. Bf1 Bd1 35. Bc4 Rc2+ 36. Rxc2 Bxc2 0-1

[Event "Ottawa March op"]
[Site "Ottawa CAN"]
[Date "2026.03.01"]
[Round "5.6"]
[White "Vu, Huy Minh"]
[Black "Rousskikh, Maxim"]
[Result "1-0"]
[WhiteElo "2140"]
[BlackElo "2204"]
[WhiteFideId "-1"]
[BlackFideId "-1"]
[PlyCount "38"]
[GameId "2283952154505602"]
[EventDate "2026.02.27"]
[EventType "swiss"]
[EventRounds "5"]
[EventCountry "CAN"]

1. d4 d5 2. Nf3 Nf6 3. c4 c6 4. Nc3 e6 5. Qc2 Nbd7 6. Bg5 h6 7. Bh4 dxc4 8. e4 g5 9. Bg3 b5 10. a4 Bb4 11. Nd2 Qb6 12. f4 gxf4 13. Bxf4 Bb7 14. O-O-O Qa5 15. Be2 O-O-O 16. axb5 cxb5 17. Nxb5 Qxb5 18. Nxc4 Qc6 19. d5 Qc5 1-0

[Event "Ottawa March op"]
[Site "Ottawa CAN"]
[Date "2026.02.28"]
[Round "2.1"]
[White "Wang, Edison"]
[Black "Chiku-Ratte, Olivier-Kenta"]
[Result "0-1"]
[WhiteElo "2079"]
[BlackElo "2471"]
[WhiteFideId "-1"]
[BlackFideId "-1"]
[PlyCount "64"]
[GameId "2283959374955974"]
[EventDate "2026.02.27"]
[EventType "swiss"]
[EventRounds "5"]
[EventCountry "CAN"]

1. b3 d5 2. Bb2 c5 3. e3 a6 4. Nf3 Nc6 5. d4 Nf6 6. Bd3 Bg4 7. Nbd2 cxd4 8. exd4 Nb4 9. Qe2 Nxd3+ 10. Qxd3 e6 11. c4 dxc4 12. bxc4 Bd6 13. O-O O-O 14. d5 Bf5 15. Qe3 exd5 16. Qg5 Bd3 17. Rfc1 h6 18. Bxf6 hxg5 19. Bxd8 Rfxd8 20. cxd5 Bf4 21. Rc5 b6 22. Rc6 Rxd5 23. Nb3 g4 24. Ne1 Bb5 25. Rxb6 Be5 26. Rc1 Rad8 27. f3 Bf4 28. Rc3 Re8 29. Kf2 Re2+ 30. Kf1 Rd1 31. Rb8+ Kh7 32. Rxb5 Rexe1+ 0-1

[Event "Ottawa March op"]
[Site "Ottawa CAN"]
[Date "2026.02.28"]
[Round "2.9"]
[White "Duval, Mathieu"]
[Black "Sambuev, Bator"]
[Result "0-1"]
[WhiteElo "1989"]
[BlackElo "2544"]
[WhiteFideId "-1"]
[BlackFideId "-1"]
[PlyCount "64"]
[GameId "2283959374955975"]
[EventDate "2026.02.27"]
[EventType "swiss"]
[EventRounds "5"]
[EventCountry "CAN"]

1. d4 g6 2. c4 Bg7 3. Nf3 d6 4. g3 c5 5. Bg2 cxd4 6. Nxd4 Qb6 7. Nb3 Qb4+ 8. N1d2 Nc6 9. O-O h5 10. a3 Qb6 11. Ne4 h4 12. Be3 Qc7 13. Nd4 Nf6 14. Nb5 Qd8 15. c5 hxg3 16. fxg3 a6 17. Nbxd6+ exd6 18. Bg5 Nxe4 19. Bxd8 Bd4+ 20. e3 Bxe3+ 21. Rf2 Nxf2 22. Qe2 Ng4+ 23. Kf1 Nd4 24. Qc4 Be6 25. Qxd4 Bd7 26. c6 Nxh2+ 27. Ke1 Nf3+ 28. Ke2 Bxc6 29. Qd1 Bd4 30. Bh4 g5 31. Bxg5 Rh2 32. Kd3 f5 0-1

[Event "Ottawa March op"]
[Site "Ottawa CAN"]
[Date "2026.02.28"]
[Round "2.8"]
[White "Sun, Jonathan"]
[Black "Moses, Neil"]
[Result "0-1"]
[WhiteElo "2045"]
[BlackElo "2309"]
[WhiteFideId "-1"]
[BlackFideId "-1"]
[PlyCount "66"]
[GameId "2283959374955976"]
[EventDate "2026.02.27"]
[EventType "swiss"]
[EventRounds "5"]
[EventCountry "CAN"]

1. e4 c5 2. Nf3 d6 3. d4 cxd4 4. Nxd4 Nf6 5. Nc3 Nc6 6. Bc4 Qb6 7. Nde2 a6 8. O-O e6 9. Bb3 Be7 10. Be3 Qc7 11. h3 b5 12. a3 Na5 13. Nd4 Nxb3 14. Nxb3 Bb7 15. Qd4 O-O 16. Rad1 Rac8 17. Rfe1 h6 18. f3 Nd7 19. f4 Nc5 20. Nxc5 dxc5 21. Qd7 b4 22. axb4 cxb4 23. Na4 Bh4 24. Qxc7 Rxc7 25. Re2 Rfc8 26. c3 Bxe4 27. Bb6 Bc6 28. Nc5 Bb5 29. Re4 Rc6 30. Ba7 bxc3 31. bxc3 Rxc5 32. Bxc5 Rxc5 33. f5 Bf6 0-1

[Event "Ottawa March op"]
[Site "Ottawa CAN"]
[Date "2026.02.28"]
[Round "2.6"]
[White "Jaferian, Koosha"]
[Black "Berube, Maximilien"]
[Result "1-0"]
[WhiteElo "2415"]
[BlackElo "2178"]
[WhiteFideId "-1"]
[BlackFideId "-1"]
[PlyCount "67"]
[GameId "2283959375087049"]
[EventDate "2026.02.27"]
[EventType "swiss"]
[EventRounds "5"]
[EventCountry "CAN"]

1. e4 e5 2. Nf3 Nf6 3. Nxe5 d6 4. Nf3 Nxe4 5. Nc3 Nf6 6. d4 Be7 7. Bd3 c6 8. O-O O-O 9. Re1 Re8 10. Bg5 Bg4 11. h3 Bh5 12. Bf5 Na6 13. g4 Bg6 14. Nh4 Nd5 15. Bxe7 Nxe7 16. Qf3 Nc7 17. Ne4 Bxf5 18. Nxf5 Nxf5 19. gxf5 d5 20. Nc5 b6 21. Nd3 Qd6 22. Qg3 Nb5 23. c3 a5 24. Qg4 Nc7 25. Kh1 Rxe1+ 26. Rxe1 f6 27. Nf4 Re8 28. Rg1 Qe7 29. Nh5 Kh8 30. Qxg7+ Qxg7 31. Rxg7 Re1+ 32. Kg2 Ne8 33. Rb7 h6 34. Rb8 1-0

[Event "Ottawa March op"]
[Site "Ottawa CAN"]
[Date "2026.02.28"]
[Round "2.4"]
[White "Rousskikh, Maxim"]
[Black "Pelev, Iassen"]
[Result "1-0"]
[WhiteElo "2204"]
[BlackElo "2136"]
[WhiteFideId "-1"]
[BlackFideId "-1"]
[PlyCount "85"]
[GameId "2283959375087050"]
[EventDate "2026.02.27"]
[EventType "swiss"]
[EventRounds "5"]
[EventCountry "CAN"]

1. e4 c5 2. Nf3 d6 3. d4 cxd4 4. Nxd4 Nf6 5. Nc3 a6 6. f3 e5 7. Nb3 Be6 8. Be3 Be7 9. Qd2 O-O 10. O-O-O Nbd7 11. g4 b5 12. g5 b4 13. gxf6 bxc3 14. Qxc3 Nxf6 15. Na5 Rc8 16. Nc6 Qc7 17. Nxe7+ Qxe7 18. Qa5 Rc6 19. Rg1 Rfc8 20. Kb1 Qb7 21. b3 Rxc2 22. Bxa6 Qa8 23. Rxd6 R2c6 24. Rgd1 Nd5 25. Rxc6 Rxc6 26. exd5 Bf5+ 27. Bd3 Qxa5 28. dxc6 Qd5 29. c7 Bxd3+ 30. Kb2 Qd7 31. Bb6 Bf5 32. Rxd7 Bxd7 33. Kc3 f6 34. Kc4 Kf7 35. Kd5 g5 36. b4 h5 37. b5 g4 38. fxg4 hxg4 39. Bf2 Ke7 40. Bc5+ Ke8 41. b6 Bc8 42. Kc6 f5 43. b7 1-0

[Event "Ottawa March op"]
[Site "Ottawa CAN"]
[Date "2026.02.28"]
[Round "2.3"]
[White "Filion, Samuel"]
[Black "Iordanescu, Victor Nicolae"]
[Result "0-1"]
[WhiteElo "1903"]
[BlackElo "2208"]
[WhiteFideId "-1"]
[BlackFideId "-1"]
[PlyCount "44"]
[GameId "2283959375087051"]
[EventDate "2026.02.27"]
[EventType "swiss"]
[EventRounds "5"]
[EventCountry "CAN"]

1. e4 c5 2. Nc3 Nc6 3. g3 h5 4. Nf3 Nf6 5. Bg2 d6 6. d4 cxd4 7. Nxd4 Bg4 8. Nde2 g6 9. h3 Bd7 10. Be3 Bg7 11. Qd2 Na5 12. b3 b5 13. e5 dxe5 14. Bxa8 Qxa8 15. Rg1 b4 16. Na4 Nc4 17. bxc4 Bxa4 18. Qxb4 Bc6 19. Qc5 a6 20. Qa7 Qc8 21. Rb1 O-O 22. Rb6 Bf3 0-1

[Event "Ottawa March op"]
[Site "Ottawa CAN"]
[Date "2026.03.01"]
[Round "5.2"]
[White "Guillemette, Hugo"]
[Black "Jaferian, Koosha"]
[Result "0-1"]
[WhiteElo "2325"]
[BlackElo "2415"]
[WhiteFideId "-1"]
[BlackFideId "-1"]
[PlyCount "104"]
[GameId "2283959375087052"]
[EventDate "2026.02.27"]
[EventType "swiss"]
[EventRounds "5"]
[EventCountry "CAN"]
[WhiteClock "0:07:27"]
[BlackClock "0:10:36"]

1. e4 {[%emt 0:00:07]} c6 {[%emt 0:01:01]} 2. d4 {[%emt 0:00:06]} d5 {[%emt 0:00:04]} 3. Nd2 {[%emt 0:00:05]} dxe4 {[%emt 0:00:05]} 4. Nxe4 {[%emt 0:00:06]} Nf6 {[%emt 0:00:05]} 5. Ng3 {[%emt 0:00:06]} h5 {[%emt 0:00:07]} 6. h4 {[%emt 0:00:05]} Bg4 {[%emt 0:04:52]} 7. N1e2 {[%emt 0:00:16]} g6 {[%emt 0:01:53]} 8. Bg5 {[%emt 0:02:17]} Bg7 {[%emt 0:01:55]} 9. Qd2 {[%emt 0:02:45]} Na6 {[%emt 0:04:28]} 10. Nc3 {[%emt 0:04:34]} Nc7 {[%emt 0:03:01]} 11. Bc4 {[%emt 0:02:00]} Ncd5 {[%emt 0:02:53]} 12. Nce2 {[%emt 0:09:26]} Qb6 {[%emt 0:12:14]} 13. O-O-O {[%emt 0:07:15]} O-O-O {[%emt 0:01:34]} 14. f3 {[%emt 0:04:00]} Be6 {[%emt 0:00:48]} 15. Bb3 {[%emt 0:01:55]} Qa6 {[%emt 0:11:25]} 16. Kb1 {[%emt 0:08:24]} Nc7 {[%emt 0:02:06]} 17. Qe1 {[%emt 0:08:42]} Bxb3 {[%emt 0:01:47]} 18. axb3 {[%emt 0:01:48]} Ne6 {[%emt 0:00:34]} 19. Nc3 {[%emt 0:05:30]} Nd5 {[%emt 0:05:17]} 20. Nxd5 {[%emt 0:02:43]} Rxd5 {[%emt 0:00:10]} 21. Bxe7 {[%emt 0:01:15]} Nxd4 {[%emt 0:05:04]} 22. Qf1 {[%emt 0:07:01]} Qb6 {[%emt 0:35:49]} 23. Ne4 Qc7 24. Bf6 Bxf6 25. Nxf6 Rdd8 26. Qc4 Nf5 27. Ne4 Ne3 {[%emt 0:07:42]} 28. Rxd8+ {[%emt 0:00:06]} Rxd8 {[%emt 0:00:06]} 29. Qe2 {[%emt 0:07:02]} Nf5 {[%emt 0:00:30]} 30. Qf2 {[%emt 0:01:27]} Qb6 {[%emt 0:00:29]} 31. Qxb6 {[%emt 0:01:02]} axb6 {[%emt 0:00:01]} 32. g4 {[%emt 0:01:34]} Nd4 {[%emt 0:01:20]} 33. gxh5 {[%emt 0:01:34]} gxh5 {[%emt 0:00:12]} 34. f4 {[%emt 0:00:43]} Nf5 {[%emt 0:00:56]} 35. Nf6 {[%emt 0:05:08]} Rd6 {[%emt 0:00:27]} 36. Ne4 {[%emt 0:00:20]} Rd4 {[%emt 0:00:18]} 37. Re1 {[%emt 0:00:10]} Nxh4 {[%emt 0:00:26]} 38. c3 {[%emt 0:00:07]} Nf3 {[%emt 0:01:28]} 39. Re3 {[%emt 0:01:19]} Rxe4 {[%emt 0:00:11]} 40. Rxf3 {[%emt 0:00:03]} h4 {[%emt 0:00:30]} 41. Kc2 {[%emt 0:01:05]} f5 {[%emt 0:00:31]} 42. Kd3 {[%emt 0:00:07]} Kd7 {[%emt 0:00:12]} 43. Rf1 {[%emt 0:00:20]} Ke6 {[%emt 0:00:13]} 44. b4 {[%emt 0:00:23]} Kf6 {[%emt 0:00:22]} 45. Rf2 {[%emt 0:00:18]} Kg6 {[%emt 0:00:23]} 46. Rg2+ {[%emt 0:00:03]} Kh6 {[%emt 0:00:07]} 47. Rg8 {[%emt 0:00:30]} Rxf4 {[%emt 0:00:29]} 48. Ke3 {[%emt 0:00:02]} Rg4 {[%emt 0:00:42]} 49. Rh8+ {[%emt 0:00:08]} Kg7 {[%emt 0:01:02]} 50. Rh5 {[%emt 0:00:05]} Kf6 {[%emt 0:02:34]} 51. Rh8 {[%emt 0:00:19]} b5 {[%emt 0:00:22]} 52. Kf3 {[%emt 0:00:04]} Ke5 {[%emt 0:00:59]} 0-1

[Event "Ottawa March op"]
[Site "Ottawa CAN"]
[Date "2026.03.01"]
[Round "5.1"]
[White "Chiku-Ratte, Oliver-Kenta"]
[Black "Sambuev, Bator"]
[Result "0-1"]
[WhiteElo "2471"]
[BlackElo "2544"]
[WhiteFideId "-1"]
[BlackFideId "-1"]
[PlyCount "124"]
[GameId "2283959375087053"]
[EventDate "2026.02.27"]
[EventType "swiss"]
[EventRounds "5"]
[EventCountry "CAN"]

1. d4 {[%emt 0:04:09]} d6 {[%emt 0:01:51]} 2. Nf3 {[%emt 0:01:43]} g6 {[%emt 0:00:44]} 3. c4 {[%emt 0:01:19]} Bg7 {[%emt 0:00:12]} 4. Nc3 {[%emt 0:00:05]} e5 {[%emt 0:01:02]} 5. g3 {[%emt 0:05:55]} Ne7 {[%emt 0:03:36]} 6. dxe5 {[%emt 0:07:47]} dxe5 {[%emt 0:01:26]} 7. Qxd8+ {[%emt 0:00:08]} Kxd8 {[%emt 0:00:06]} 8. Bg2 {[%emt 0:00:32]} h6 {[%emt 0:03:10]} 9. O-O {[%emt 0:00:45]} Bd7 {[%emt 0:02:32]} 10. Rd1 {[%emt 0:01:57]} Kc8 {[%emt 0:00:29]} 11. Nd2 {[%emt 0:07:07]} Nbc6 {[%emt 0:07:25]} 12. Nde4 {[%emt 0:02:37]} Rd8 {[%emt 0:07:19]} 13. Nc5 {[%emt 0:05:07]} Be8 {[%emt 0:01:57]} 14. Bh3+ {[%emt 0:01:03]} f5 {[%emt 0:01:01]} 15. Nd5 {[%emt 0:06:30]} Bf7 {[%emt 0:06:17]} 16. e4 {[%emt 0:09:43]} b6 {[%emt 0:01:55]} 17. Na6 {[%emt 0:02:21]} Rd7 {[%emt 0:01:56]} 18. b4 {[%emt 0:16:08]} Nd4 {[%emt 0:02:10]} 19. b5 {[%emt 0:02:32]} c6 {[%emt 0:01:42]} 20. Nxe7+ {[%emt 0:43:16]} Rxe7 21. bxc6 Bxc4 22. Ba3 Rf7 23. exf5 gxf5 24. Rxd4 exd4 25. Re1 Bxa6 26. Re8+ Kc7 27. Rxa8 Kxc6 28. Bg2+ Kb5 29. Bf1+ Ka5 30. Bb4+ Kxb4 31. Bxa6 Rc7 32. Kf1 b5 {[%emt 0:00:37]} 33. Rb8 {[%emt 0:00:25]} Rc5 {[%emt 0:00:08]} 34. Ke2 {[%emt 0:00:43]} Ka5 {[%emt 0:01:36]} 35. Bc8 {[%emt 0:00:28]} Kb4 {[%emt 0:06:41]} 36. Kd2 {[%emt 0:00:29]} Be5 {[%emt 0:01:29]} 37. Ra8 {[%emt 0:00:05]} f4 {[%emt 0:00:33]} 38. a3+ {[%emt 0:00:42]} Kxa3 {[%emt 0:01:06]} 39. Rxa7+ {[%emt 0:00:03]} Kb2 {[%emt 0:04:20]} 40. Be6 {[%emt 0:00:19]} Rc6 {[%emt 0:00:46]} 41. Bg8 {[%emt 0:01:17]} Rb6 {[%emt 0:02:03]} 42. Bd5 {[%emt 0:00:32]} Rd6 {[%emt 0:00:52]} 43. Bg8 {[%emt 0:00:36]} Rb6 {[%emt 0:01:13]} 44. Bd5 {[%emt 0:00:21]} b4 {[%emt 0:02:17]} 45. Ra2+ {[%emt 0:00:44]} Kb1 {[%emt 0:00:06]} 46. Ra5 {[%emt 0:00:23]} Bf6 {[%emt 0:00:56]} 47. gxf4 {[%emt 0:00:20]} b3 {[%emt 0:01:22]} 48. Ra3 Kb2 {[%emt 0:00:08]} 49. Ra8 {[%emt 0:00:46]} Rb5 {[%emt 0:00:49]} 50. Bf7 {[%emt 0:00:20]} Rc5 {[%emt 0:01:12]} 51. Ra6 {[%emt 0:00:18]} Bh4 {[%emt 0:03:55]} 52. Rxh6 {[%emt 0:00:35]} Bxf2 {[%emt 0:00:08]} 53. Rb6 {[%emt 0:00:33]} Rc2+ {[%emt 0:00:33]} 54. Kd3 {[%emt 0:00:38]} Rc3+ {[%emt 0:00:05]} 55. Ke2 {[%emt 0:00:37]} Bg1 {[%emt 0:02:17]} 56. Rb5 {[%emt 0:00:31]} Kc2 {[%emt 0:00:35]} 57. f5 {[%emt 0:00:32]} d3+ {[%emt 0:00:38]} 58. Kf1 {[%emt 0:00:26]} d2 {[%emt 0:00:20]} 59. Bh5 {[%emt 0:00:31]} Bd4 {[%emt 0:00:12]} 60. Rb4 {[%emt 0:00:33]} b2 {[%emt 0:00:23]} 61. f6 {[%emt 0:00:32]} Bxf6 {[%emt 0:00:16]} 62. Kf2 {[%emt 0:00:27]} Kc1 {[%emt 0:00:17]} 0-1

[Event "Ottawa March op"]
[Site "Ottawa CAN"]
[Date "2026.03.01"]
[Round "5.8"]
[White "Qi, Jason"]
[Black "Wang, Edison"]
[Result "1-0"]
[WhiteElo "2037"]
[BlackElo "2079"]
[WhiteFideId "-1"]
[BlackFideId "-1"]
[PlyCount "51"]
[GameId "2283959375087054"]
[EventDate "2026.02.27"]
[EventType "swiss"]
[EventRounds "5"]
[EventCountry "CAN"]

1. e4 e6 2. d4 d5 3. e5 c5 4. c3 Nc6 5. Nf3 Qb6 6. a3 c4 7. Nbd2 Na5 8. Rb1 Bd7 9. h4 Qc7 10. Qc2 Rc8 11. h5 f5 12. Be2 Be7 13. Rh3 Nh6 14. Kf1 Nf7 15. b4 cxb3 16. Nxb3 Nxb3 17. Qxb3 b6 18. Ba6 Rd8 19. Rg3 Rg8 20. Bd2 g5 21. hxg6 hxg6 22. Rc1 Bc6 23. c4 Qd7 24. Bb5 Bxb5 25. cxb5 Rc8 26. Ne1 1-0

[Event "Ottawa March op"]
[Site "Ottawa CAN"]
[Date "2026.03.01"]
[Round "5.5"]
[White "Moses, Neil"]
[Black "Pelev, Iassen"]
[Result "1/2-1/2"]
[WhiteElo "2309"]
[BlackElo "2136"]
[WhiteFideId "-1"]
[BlackFideId "-1"]
[PlyCount "118"]
[GameId "2283959375087056"]
[EventDate "2026.02.27"]
[EventType "swiss"]
[EventRounds "5"]
[EventCountry "CAN"]

1. e4 c5 2. Nf3 d6 3. d4 cxd4 4. Nxd4 Nf6 5. Nc3 a6 6. Be3 e5 7. Nf3 Be7 8. Nd2 Be6 9. Nc4 b5 10. Nb6 Ra7 11. a4 Ng4 12. Nbd5 Nxe3 13. Nxe3 b4 14. Ncd5 Nc6 15. Bd3 Bg5 16. Nc4 a5 17. O-O O-O 18. c3 Rb7 19. Be2 g6 20. Nxd6 Rd7 21. Nb5 Bxd5 22. exd5 Rxd5 23. Qb3 e4 24. Qc4 Rd2 25. Qxc6 Rxe2 26. cxb4 axb4 27. a5 Qd2 28. a6 Be3 29. Qxe4 Rxf2 30. Rxf2 Qxf2+ 31. Kh1 Qxb2 32. Re1 Bf2 33. Rf1 b3 34. a7 Qa2 35. Qc4 Bxa7 36. Nxa7 Qxa7 37. Qxb3 Rb8 38. Qc4 Qd7 39. Qa2 Re8 40. h3 Re6 41. Qa8+ Kg7 42. Qa1+ Kg8 43. Qa8+ Qe8 44. Qxe8+ Rxe8 45. Rf2 Re3 46. Kh2 Kf8 47. g4 Ke7 48. Kg2 Ke6 49. Rf4 Re5 50. Ra4 Kf6 51. Rf4+ Ke6 52. Ra4 h5 53. Ra6+ Ke7 54. gxh5 Rxh5 55. Kg3 Re5 56. Rb6 Re6 57. Rb7+ Kf6 58. Ra7 Re4 59. Kf3 Re7 1/2-1/2

[Event "Ottawa Winter op"]
[Site "Ottawa CAN"]
[Date "2026.01.16"]
[Round "1.1"]
[White "Vu, Huy Minh"]
[Black "Plotkin, Mark"]
[Result "0-1"]
[WhiteElo "2075"]
[BlackElo "2491"]
[WhiteFideId "-1"]
[BlackFideId "-1"]
[PlyCount "92"]
[GameId "2268007694758160"]
[EventDate "2026.01.16"]
[EventType "swiss"]
[EventRounds "5"]
[EventCountry "CAN"]
[WhiteClock "0:07:47"]
[BlackClock "0:28:21"]

1. e4 {[%emt 0:18:45]} g6 {[%emt 0:00:30]} 2. d4 {[%emt 0:00:07]} Bg7 {[%emt 0:00:04]} 3. Nc3 {[%emt 0:00:11]} d6 {[%emt 0:00:08]} 4. Nf3 {[%emt 0:00:23]} a6 {[%emt 0:00:08]} 5. a4 {[%emt 0:01:04]} Nc6 {[%emt 0:00:03]} 6. Be3 {[%emt 0:01:22]} Nf6 {[%emt 0:01:12]} 7. h3 {[%emt 0:00:22]} O-O {[%emt 0:00:31]} 8. Be2 {[%emt 0:01:38]} Re8 {[%emt 0:02:39]} 9. O-O {[%emt 0:01:00]} e5 {[%emt 0:00:41]} 10. dxe5 {[%emt 0:01:21]} Nxe5 {[%emt 0:00:27]} 11. Nxe5 {[%emt 0:00:53]} Rxe5 {[%emt 0:00:39]} 12. f4 {[%emt 0:01:04]} Re8 {[%emt 0:02:28]} 13. Bf3 {[%emt 0:00:30]} Bd7 {[%emt 0:01:09]} 14. Re1 {[%emt 0:04:09]} Bc6 {[%emt 0:00:58]} 15. Bd4 {[%emt 0:07:40]} a5 {[%emt 0:12:23]} 16. g4 {[%emt 0:16:33]} h6 17. Qd3 {[%emt 0:03:03]} g5 {[%emt 0:08:47]} 18. fxg5 {[%emt 0:14:05]} hxg5 {[%emt 0:00:19]} 19. Bg2 {[%emt 0:01:58]} Nd7 {[%emt 0:02:28]} 20. Bxg7 {[%emt 0:00:39]} Kxg7 {[%emt 0:04:26]} 21. Rf1 Re5 {[%emt 0:05:40]} 22. Rf5 {[%emt 0:08:22]} Rxf5 {[%emt 0:07:34]} 23. exf5 {[%emt 0:03:02]} Qe7 {[%emt 0:01:49]} 24. Rf1 {[%emt 0:08:50]} Re8 {[%emt 0:00:53]} 25. Nd5 {[%emt 0:09:30]} Bxd5 {[%emt 0:01:12]} 26. Qxd5 {[%emt 0:00:02]} Qe3+ {[%emt 0:02:43]} 27. Kh1 {[%emt 0:00:59]} Nc5 {[%emt 0:20:01]} 28. f6+ {[%emt 0:04:12]} Kg8 {[%emt 0:00:18]} 29. Rf5 {[%emt 0:00:36]} Re5 {[%emt 0:00:25]} 30. Rxe5 {[%emt 0:00:08]} Qxe5 {[%emt 0:00:02]} 31. b3 {[%emt 0:03:11]} Qxd5 {[%emt 0:01:22]} 32. Bxd5 {[%emt 0:00:02]} c6 {[%emt 0:00:09]} 33. Bf3 {[%emt 0:01:25]} Kh7 {[%emt 0:00:02]} 34. Kg2 {[%emt 0:00:26]} Kg6 {[%emt 0:00:02]} 35. Kf2 {[%emt 0:00:42]} Kxf6 {[%emt 0:00:05]} 36. Ke3 {[%emt 0:00:31]} Ke5 {[%emt 0:00:01]} 37. Be2 {[%emt 0:00:56]} d5 {[%emt 0:00:42]} 38. Bd1 {[%emt 0:01:13]} d4+ {[%emt 0:00:44]} 39. Kf3 {[%emt 0:00:12]} b5 {[%emt 0:00:09]} 40. axb5 {[%emt 0:00:40]} cxb5 {[%emt 0:00:06]} 41. Be2 {[%emt 0:00:25]} d3 {[%emt 0:00:32]} 42. cxd3 {[%emt 0:00:59]} Nxb3 {[%emt 0:00:42]} 43. Bd1 {[%emt 0:00:17]} Nd4+ {[%emt 0:00:20]} 44. Kg3 {[%emt 0:00:15]} a4 {[%emt 0:00:10]} 45. h4 gxh4+ {[%emt 0:00:03]} 46. Kxh4 {[%emt 0:00:05]} a3 {[%emt 0:00:03]} 0-1

[Event "Ottawa Winter op"]
[Site "Ottawa CAN"]
[Date "2026.01.16"]
[Round "1.2"]
[White "Sambuev, Bator"]
[Black "Ramesan, Raunak Amit"]
[Result "1-0"]
[WhiteElo "2538"]
[BlackElo "2079"]
[WhiteFideId "-1"]
[BlackFideId "-1"]
[PlyCount "76"]
[GameId "2268007695249681"]
[EventDate "2026.01.16"]
[EventType "swiss"]
[EventRounds "5"]
[EventCountry "CAN"]
[WhiteClock "0:01:21"]
[BlackClock "0:00:27"]

1. d4 {[%emt 0:03:59]} Nf6 {[%emt 0:00:12]} 2. c4 {[%emt 0:00:03]} e6 {[%emt 0:00:12]} 3. Nf3 {[%emt 0:00:22]} d5 {[%emt 0:00:12]} 4. Nc3 {[%emt 0:00:14]} Bb4 {[%emt 0:00:09]} 5. Qb3 {[%emt 0:01:25]} Bxc3+ {[%emt 0:02:26]} 6. bxc3 {[%emt 0:01:13]} O-O {[%emt 0:01:43]} 7. Bg5 {[%emt 0:05:02]} dxc4 {[%emt 0:14:04]} 8. Qxc4 {[%emt 0:00:12]} b6 {[%emt 0:02:49]} 9. Bxf6 {[%emt 0:02:47]} gxf6 {[%emt 0:00:28]} 10. g3 {[%emt 0:02:12]} Bb7 {[%emt 0:02:01]} 11. Bg2 {[%emt 0:00:51]} Nd7 {[%emt 0:02:42]} 12. Qd3 {[%emt 0:06:10]} f5 {[%emt 0:04:01]} 13. O-O {[%emt 0:11:31]} Nf6 14. Rfd1 {[%emt 0:06:49]} Kh8 {[%emt 0:15:22]} 15. c4 {[%emt 0:01:23]} Be4 {[%emt 0:13:12]} 16. Qc3 {[%emt 0:00:28]} Qe7 {[%emt 0:00:57]} 17. Ne5 {[%emt 0:03:13]} Bxg2 {[%emt 0:01:34]} 18. Kxg2 {[%emt 0:00:11]} Ne4 {[%emt 0:02:13]} 19. Qb2 {[%emt 0:02:57]} f6 {[%emt 0:01:18]} 20. Nc6 {[%emt 0:02:01]} Qd6 {[%emt 0:01:26]} 21. d5 {[%emt 0:00:05]} e5 {[%emt 0:01:23]} 22. e3 {[%emt 0:10:24]} Rg8 {[%emt 0:03:04]} 23. Qc2 {[%emt 0:05:46]} Qd7 {[%emt 0:02:00]} 24. Rf1 {[%emt 0:06:18]} Qg7 {[%emt 0:03:08]} 25. Kh1 {[%emt 0:02:02]} a5 {[%emt 0:05:26]} 26. f3 {[%emt 0:04:19]} Nd6 {[%emt 0:00:13]} 27. f4 {[%emt 0:01:36]} Rae8 {[%emt 0:01:34]} 28. Rae1 {[%emt 0:06:18]} Qh6 {[%emt 0:02:24]} 29. fxe5 {[%emt 0:02:00]} fxe5 {[%emt 0:02:21]} 30. Rf3 {[%emt 0:02:37]} Rg7 {[%emt 0:03:32]} 31. Kg2 {[%emt 0:01:26]} Rg4 {[%emt 0:02:41]} 32. e4 {[%emt 0:05:59]} fxe4 {[%emt 0:03:42]} 33. Rc3 {[%emt 0:01:03]} Qg6 {[%emt 0:01:42]} 34. c5 {[%emt 0:02:24]} bxc5 {[%emt 0:01:58]} 35. Rxc5 {[%emt 0:00:16]} Nf5 {[%emt 0:00:25]} 36. Qf2 {[%emt 0:03:24]} Rf4 {[%emt 0:01:59]} 37. Qb2 {[%emt 0:00:29]} Nxg3 {[%emt 0:00:32]} 38. Nxe5 {[%emt 0:00:42]} Nf5+ {[%emt 0:01:25]} 1-0

[Event "Ottawa Winter op"]
[Site "Ottawa CAN"]
[Date "2026.01.16"]
[Round "1.10"]
[White "Zhu, Edison"]
[Black "Qian, Eric"]
[Result "0-1"]
[WhiteElo "1922"]
[BlackElo "2216"]
[WhiteFideId "-1"]
[BlackFideId "-1"]
[PlyCount "44"]
[GameId "2268007695311122"]
[EventDate "2026.01.16"]
[EventType "swiss"]
[EventRounds "5"]
[EventCountry "CAN"]

1. d4 d5 2. c4 e6 3. Nf3 Nf6 4. g3 Bb4+ 5. Bd2 Be7 6. Bg2 O-O 7. O-O c6 8. Qc2 Nbd7 9. Rd1 b6 10. Bf4 Bb7 11. Nbd2 c5 12. Ne5 cxd4 13. Nb3 Rc8 14. Rxd4 Nxe5 15. Bxe5 Nd7 16. Bf4 e5 17. Bxd5 Bxd5 18. Rxd5 exf4 19. Rad1 Rc7 20. Qd3 Qa8 21. Rd4 fxg3 22. Qxg3 Qc8 0-1

[Event "Ottawa Winter op"]
[Site "Ottawa CAN"]
[Date "2026.01.16"]
[Round "1.9"]
[White "Wiebe, Isaac"]
[Black "Wu, Ting En Ryan"]
[Result "0-1"]
[WhiteElo "2240"]
[BlackElo "1969"]
[WhiteFideId "-1"]
[BlackFideId "-1"]
[PlyCount "48"]
[GameId "2268007695311123"]
[EventDate "2026.01.16"]
[EventType "swiss"]
[EventRounds "5"]
[EventCountry "CAN"]

1. Nf3 d5 2. e3 Nf6 3. c4 e6 4. b3 c6 5. Bb2 Bd6 6. d4 O-O 7. Nbd2 Nbd7 8. Bd3 Qe7 9. Ne5 c5 10. f4 cxd4 11. exd4 Ne4 12. Nxe4 dxe4 13. Bxe4 Nxe5 14. dxe5 Bb4+ 15. Kf2 Rd8 16. Bd3 b6 17. Qf3 Bb7 18. Qh3 Rxd3 19. Qxd3 Rd8 20. Rad1 Rxd3 21. Rxd3 Be4 22. Rdd1 Bc2 23. Rc1 Qc5+ 24. Ke2 Qc6 0-1